Camino al despojo y la impunidad

Detalles Bibliográficos
Autor principal: Galln̤ Giraldo, Gustavo
Otros Autores: Da̕z, Ana Mara̕
Formato: eBook
Lenguaje:español
Publicado: Bogot:̀ Comisin̤ Colombiana de Juristas, 2009
Materias:
Acceso en línea:Acceso restringido

MARC

LEADER 00000nam a22000007a 4500
005 20200310214621.0
007 cr|||| ||||
008 200310s2009 co |||||s|||| 00||0 spa d
020 |a 978-958-9348-43-7 
035 |a 31193 
040 |a vLex 
090 |c 10215  |d 10215 
100 1 |a Galln̤ Giraldo, Gustavo 
245 1 0 |a Camino al despojo y la impunidad  |h [Recurso electrn̤ico] /  |c Gustavo Galln̤ Giraldo, Ana Mara̕ Da̕z 
256 |a Servicio en ln̕ea 
260 |a Bogot:̀  |b Comisin̤ Colombiana de Juristas,  |c 2009 
300 |a 1 recurso electrn̤ico 
506 1 |a Disponible solo en los productos indicados  |d vLex Global  |d vLex Global (Academic Edition, excluding Law Schools)  |d vLex Global (U.S. Academic Edition, Law Schools)  |d vLex Global (U.S. Academic Edition, excluding Law Schools)  |d vLex Global (Academic Edition, Law Schools) 
650 0 4 |a Derecho Pb︢lico y Administrativo  |z Colombia 
700 1 |a Da̕z, Ana Mara̕ 
740 0 |a vLex Libros (Servicio en ln̕ea) 
856 4 0 |u http://vlex.com/source/camino-despojo-impunidad-31193  |z Acceso restringido 
942 |c BOOK 
999 0 |a Public and Administrative Law